000 00284nam a2200109Ia 4500
008 200302s9999 xx 000 0 und d
100 _aS. K. Solomon
245 _aDesign of Reinforced Concrete Structures
260 _bIBT Publishers & Destributors
260 _c1987
300 _a360 P.,
999 _c3982
_d3982